Evropské rafinérie ropy omezují kapacity stále ještě příliš liknavě

Budúcnosť európskych rafinérií neistá. Straty ropných spoločností v Európe podľa časopisu The Economist. Nutnosť reštrukturalizácie ropných rafinérií v Európe. Predaj európskych rafinérií krajinám združeným v organizácii OPEC.

Gespeichert in:
Bibliographische Detailangaben
Format: Buchkapitel
Sprache:Tschechisch
Schlagworte:
Tags: Tag hinzufügen
Keine Tags, Fügen Sie das erste Tag hinzu!

MARC

LEADER 00000naa a2200000 4500
001 r019338
005 20221208131421.0
041 0 |a cze 
044 |a CZ 
245 1 0 |a Evropské rafinérie ropy omezují kapacity stále ještě příliš liknavě 
520 |a Budúcnosť európskych rafinérií neistá. Straty ropných spoločností v Európe podľa časopisu The Economist. Nutnosť reštrukturalizácie ropných rafinérií v Európe. Predaj európskych rafinérií krajinám združeným v organizácii OPEC. 
610 2 0 |a ropa 
610 2 0 |a nafta 
610 2 0 |a rafinérie 
610 2 0 |a ťažba surovín 
610 2 0 |a reštrukturalizácia 
610 2 0 |a OPEC 
610 2 0 |a západná Európa 
610 2 0 |a Európa 
610 2 0 |a USA